00941nam a2200169 a 4500008004100000050001500041245004600056260005500102300002000157350000900177650003700186995014500223995014400368999001700512952012100529952012100650071004s2001 ||||||||||||||||| || u aHC 915 Zam00aZambia Human development Report 1999-2000 aLusakabUnited Nations Development Programmec2001 axv, 112p. :ill. a0.00 aHUMAN DEVELOPMENT REPORT--ZAMBIA aSPECIAL COLLECTIONSD0.00e733758FCBU-MAIN LIBRARY (Kitwe)H1I0.00jZAM HQ 1240 ZAMM2UAVAILABLEWOct 4, 2007y45833ZZambiana Collection aSPECIAL COLLECTIONSD0.00e733758FCBU-MAIN LIBRARY (Kitwe)H1I0.00jZAM HC 915 ZAMM1UAVAILABLEWOct 4, 2007y45834ZZambiana Collection c83389d83389 00102lcc4070a001b001cZambiana Collectiond2023-10-30l0oZAM HC 915 Zamp45833r2023-10-30t1w2023-10-30y023 00102lcc4070a001b001cZambiana Collectiond2023-10-30l0oZAM HC 915 Zamp45834r2023-10-30t2w2023-10-30y023